| 000 | 005760000a22001810004500 | ||
|---|---|---|---|
| 003 | MACL | ||
| 005 | 20160513124858.0 | ||
| 008 | 160513b xxu||||| |||| 00| 0 eng d | ||
| 040 |
_aMACL _cMACL |
||
| 041 | _aHindi | ||
| 082 | _a891.431 | ||
| 100 |
_aदीपक, हेमलता _956683 |
||
| 245 |
_aयह देश तुम्हारा अपना है _cहेमलता दीपक |
||
| 260 |
_bसंजय बुक सेन्टर _c2000 _aवाराणसी |
||
| 350 | _a70 | ||
| 650 |
_aPoetry _956684 |
||
| 942 |
_cHIN _k800/HEM/P _2ddc |
||
| 999 |
_c10189 _d10189 |
||